[Event "Toronto op"]
[Site "Toronto CAN"]
[Date "2025.08.31"]
[Round "4.10"]
[White "Dhaliwal, Jaipreet Singh"]
[Black "Moon, Ethan"]
[Result "1-0"]
[WhiteElo "2036"]
[BlackElo "1936"]
[WhiteFideId "-1"]
[WhiteFideId "-1"]
[PlyCount "81"]
[GameId "2217351868149125"]
[EventDate "2025.08.30"]
[EventType "swiss"]
[EventRounds "6"]
[EventCountry "CAN"]
[SourceTitle "The Week in Chess 1608"]
[Source "Mark Crowther"]
[SourceDate "2025.09.01"]
[SourceVersion "2"]
[SourceVersionDate "2025.09.01"]
[SourceQuality "2"]

1. e4 c5 2. Nf3 d6 3. d4 cxd4 4. Nxd4 Nf6 5. Nc3 Nc6 6. f3 e5 7. Nb3 Be6 8. Nd5 Be7 9. Be3 O-O 10. c3 Ne8 11. Qd2 h6 12. O-O-O a5 13. Kb1 a4 14. Na1 Bxd5 15. Qxd5 Nc7 16. Qd2 b5 17. Bb6 Rb8 18. Bxc7 Qxc7 19. a3 Rfc8 20. Nc2 Qa7 21. Qe1 Bf8 22. Rd5 Qa5 23. Qe2 Na7 24. Nb4 Rc5 25. Qd2 Qb6 26. Rd3 Nc6 27. Be2 Nxb4 28. cxb4 Rc7 29. Qe3 Qxe3 30. Rxe3 Be7 31. Rc3 Rd7 32. Rhc1 Rdd8 33. Rc7 Bg5 34. Rd1 Rb6 35. Rd5 Rdb8 36. Rd7 Rc6 37. Rd1 Rbb6 38. Ra7 Rc8 39. Ra5 Be3 40. Bxb5 Bd4 41. Bxa4 1-0

[Event "Toronto op"]
[Site "Toronto CAN"]
[Date "2025.08.31"]
[Round "4.11"]
[White "Wiebe, Isaac"]
[Black "Jaferian, Kosha"]
[Result "1/2-1/2"]
[WhiteElo "2093"]
[BlackElo "2285"]
[WhiteFideId "-1"]
[WhiteFideId "-1"]
[PlyCount "114"]
[GameId "2217351868149126"]
[EventDate "2025.08.30"]
[EventType "swiss"]
[EventRounds "6"]
[EventCountry "CAN"]
[SourceTitle "The Week in Chess 1608"]
[Source "Mark Crowther"]
[SourceDate "2025.09.01"]
[SourceVersion "2"]
[SourceVersionDate "2025.09.01"]
[SourceQuality "2"]

1. Nf3 c5 2. c4 Nc6 3. d4 cxd4 4. Nxd4 Nf6 5. Nc3 e6 6. a3 Be7 7. e4 O-O 8. Nf3 Qc7 9. Be2 b6 10. O-O Bb7 11. Bg5 Ne5 12. Nxe5 Qxe5 13. Bxf6 Bxf6 14. Qxd7 Rab8 15. Qa4 Bxe4 16. Rfe1 Bb7 17. Bf3 Qf4 18. Bxb7 Rxb7 19. Re4 Qc7 20. Rc1 g6 21. Re2 Qf4 22. Re3 Bd4 23. Ne2 Bxe3 24. Nxf4 Bxc1 25. Nd3 Bg5 26. Qb5 Rd8 27. Qxg5 Rxd3 28. h4 h5 29. g4 Rc7 30. Qf4 e5 31. Qxe5 Rc5 32. Qe8+ Kg7 33. b4 Rxc4 34. Qe5+ Kh7 35. gxh5 Rxh4 36. Qf6 Rg4+ 37. Kf1 Rd7 38. f4 Rd1+ 39. Ke2 Rgg1 40. Qxf7+ Kh6 41. hxg6 Rde1+ 42. Kd2 Rd1+ 43. Kc2 Rc1+ 44. Kb3 Rxg6 45. Qxa7 Rg3+ 46. Kb2 Rcg1 47. Qxb6+ Kg7 48. f5 R1g2+ 49. Kc1 Rc3+ 50. Kd1 Rcc2 51. Qd4+ Kf7 52. Qd5+ Kf6 53. Qd4+ Kg5 54. Qe3+ Kf6 55. Qh6+ Ke5 56. Qe3+ Kf6 57. Qh6+ Ke5 1/2-1/2

[Event "Toronto op"]
[Site "Toronto CAN"]
[Date "2025.08.31"]
[Round "4.12"]
[White "Wang, Bingfei"]
[Black "Yang, Larry"]
[Result "0-1"]
[WhiteElo "1942"]
[BlackElo "2108"]
[WhiteFideId "-1"]
[WhiteFideId "-1"]
[PlyCount "120"]
[GameId "2217351868149127"]
[EventDate "2025.08.30"]
[EventType "swiss"]
[EventRounds "6"]
[EventCountry "CAN"]
[SourceTitle "The Week in Chess 1608"]
[Source "Mark Crowther"]
[SourceDate "2025.09.01"]
[SourceVersion "2"]
[SourceVersionDate "2025.09.01"]
[SourceQuality "2"]

1. Nf3 Nf6 2. d4 g6 3. c4 Bg7 4. Nc3 d5 5. cxd5 Nxd5 6. e4 Nxc3 7. bxc3 c5 8. Be3 O-O 9. Be2 Nc6 10. O-O b6 11. Rc1 Bb7 12. Qa4 Na5 13. dxc5 Qc7 14. cxb6 axb6 15. Qb4 Qc6 16. Bxb6 Rfb8 17. Nd4 Qxe4 18. Bf3 Qe5 19. Rfe1 Qg5 20. Qc5 Qxc5 21. Bxc5 Bxf3 22. Nxf3 e6 23. Bb4 Nc6 24. a3 Nxb4 25. axb4 Ra3 26. Ne5 Rc8 27. g3 Raxc3 28. Rb1 Rb8 29. b5 Bxe5 30. Rxe5 Rb6 31. Re4 Rc5 32. Reb4 e5 33. R1b2 f5 34. h4 Kf7 35. Kf1 Ke6 36. Ke2 Kd6 37. Ra2 Rc7 38. Rd2+ Ke6 39. Ra2 Rcb7 40. Rab2 Kd5 41. Kd3 Rc7 42. Ra4 Rcb7 43. Rab4 h6 44. g4 h5 45. f3 hxg4 46. fxg4 e4+ 47. Ke3 Ke5 48. gxf5 gxf5 49. Kf2 Rh7 50. Rc2 Rxh4 51. Rc5+ Kf6 52. Rc6+ Rxc6 53. bxc6 Rh2+ 54. Ke3 Rc2 55. Rb6 Kg5 56. Ra6 Rc4 57. Rb6 f4+ 58. Ke2 Kg4 59. Rb8 Rc2+ 60. Ke1 Rxc6 0-1

[Event "Toronto op"]
[Site "Toronto CAN"]
[Date "2025.09.01"]
[Round "5.1"]
[White "Atanasov, Anthony"]
[Black "Plotkin, Victor"]
[Result "1-0"]
[WhiteElo "2411"]
[BlackElo "2282"]
[WhiteFideId "-1"]
[WhiteFideId "-1"]
[PlyCount "63"]
[GameId "2219913248004475"]
[EventDate "2025.08.30"]
[EventType "swiss"]
[EventRounds "6"]
[EventCountry "CAN"]
[SourceTitle "The Week in Chess 1609"]
[Source "Mark Crowther"]
[SourceDate "2025.09.08"]
[SourceVersion "1"]
[SourceVersionDate "2025.09.08"]
[SourceQuality "2"]

1. Nf3 Nf6 2. d4 e6 3. Nbd2 d5 4. e3 c5 5. b3 Bd6 6. Bb2 O-O 7. Bd3 b6 8. O-O Nbd7 9. Ne5 Bb7 10. Qe2 Ne4 11. Rfd1 Nxd2 12. Rxd2 f5 13. c4 cxd4 14. Nxd7 Qxd7 15. exd4 Rf6 16. c5 Bf4 17. Rc2 Rc8 18. b4 bxc5 19. Bb5 Qd8 20. bxc5 Bc6 21. a4 Bb8 22. Bc1 f4 23. Ra3 g5 24. Qg4 Rg6 25. Rb3 a6 26. Bxc6 Rxc6 27. Bd2 Bc7 28. Rcb2 e5 29. Ba5 Qe7 30. Rb7 Rge6 31. Bxc7 exd4 32. Be5 1-0

[Event "Toronto op"]
[Site "Toronto CAN"]
[Date "2025.09.01"]
[Round "5.2"]
[White "Noritsyn, Nikolay"]
[Black "Vettese, Nicholas"]
[Result "1/2-1/2"]
[WhiteElo "2462"]
[BlackElo "2352"]
[WhiteFideId "-1"]
[WhiteFideId "-1"]
[PlyCount "114"]
[GameId "2219913248004479"]
[EventDate "2025.08.30"]
[EventType "swiss"]
[EventRounds "6"]
[EventCountry "CAN"]
[SourceTitle "The Week in Chess 1609"]
[Source "Mark Crowther"]
[SourceDate "2025.09.08"]
[SourceVersion "1"]
[SourceVersionDate "2025.09.08"]
[SourceQuality "2"]

1. e4 e5 2. Nf3 Nc6 3. Bb5 Nf6 4. O-O Nxe4 5. Re1 Nd6 6. Nxe5 Be7 7. Bf1 Nxe5 8. Rxe5 O-O 9. d4 Bf6 10. Re1 Re8 11. Rxe8+ Nxe8 12. d5 d6 13. Nd2 Bf5 14. c3 Bg5 15. Qb3 Rb8 16. Nc4 Bxc1 17. Rxc1 Nf6 18. Ne3 Bg6 19. Re1 Ne4 20. Qa4 h6 21. f3 Nc5 22. Qd4 a5 23. b4 axb4 24. cxb4 Nd7 25. a4 Ne5 26. Nc4 Nxc4 27. Qxc4 c6 28. Qd4 Ra8 29. Ra1 Qc7 30. dxc6 bxc6 31. a5 Bf5 32. h4 Be6 33. Rc1 c5 34. Bd3 Qe7 35. Qe4 Qa7 36. Kh1 cxb4 37. a6 b3 38. Qh7+ Kf8 39. Qh8+ Ke7 40. Qxg7 Rc8 41. Qxh6 Rxc1+ 42. Qxc1 Qd4 43. Be4 b2 44. Qg1 Qa4 45. a7 Bd5 46. Qb6 Qa1+ 47. Kh2 Bxe4 48. fxe4 b1=Q 49. Qxb1 Qxb1 50. a8=Q Qe1 51. Qa7+ Kf8 52. Qb8+ Kg7 53. Qb2+ Kg6 54. h5+ Kxh5 55. Qh8+ Kg6 56. Qg8+ Kf6 57. Qd8+ Ke5 1/2-1/2

[Event "Toronto op"]
[Site "Toronto CAN"]
[Date "2025.09.01"]
[Round "5.4"]
[White "Noritsyn, Sergey"]
[Black "Dhaliwal, Jaipreet Singh"]
[Result "1/2-1/2"]
[WhiteElo "2298"]
[BlackElo "2036"]
[WhiteFideId "-1"]
[WhiteFideId "-1"]
[PlyCount "278"]
[GameId "2219913248004481"]
[EventDate "2025.08.30"]
[EventType "swiss"]
[EventRounds "6"]
[EventCountry "CAN"]
[SourceTitle "The Week in Chess 1609"]
[Source "Mark Crowther"]
[SourceDate "2025.09.08"]
[SourceVersion "1"]
[SourceVersionDate "2025.09.08"]
[SourceQuality "2"]

1. e4 c5 2. Nf3 d6 3. Bb5+ Bd7 4. c4 Nf6 5. Nc3 g6 6. d4 cxd4 7. Nxd4 Bg7 8. O-O O-O 9. h3 a6 10. Bxd7 Qxd7 11. Be3 Rc8 12. Qe2 Nc6 13. Rfd1 Nxd4 14. Bxd4 Qe6 15. b3 b5 16. cxb5 axb5 17. f3 b4 18. Na4 Rab8 19. Rac1 Rxc1 20. Rxc1 Rc8 21. Qb2 Nh5 22. Bxg7 Rc6 23. Rc2 Rxc2 24. Qxc2 Kxg7 25. Qc1 Nf6 26. g4 Kg8 27. Qb2 Qc8 28. Qd4 Qc4 29. Nb6 Qc1+ 30. Kg2 Qc2+ 31. Qf2 Qc1 32. Nc4 Nd7 33. Qd2 Qa1 34. Ne3 Nb6 35. h4 f6 36. h5 Kf7 37. Nd1 Nd7 38. h6 Nc5 39. Nf2 g5 40. Qxb4 Qxa2 41. Qc4+ Kf8 42. Qd5 Qa6 43. b4 e6 44. Qd4 Nd7 45. Qc3 Ke7 46. Qc2 Ne5 47. Qc7+ Nd7 48. Qc1 Qe2 49. f4 gxf4 50. Qxf4 Qb2 51. g5 fxg5 52. Qxg5+ Qf6 53. Qh5 Qf7 54. Qg5+ Qf6 55. Qe3 Qg6+ 56. Kf1 Qh5 57. Qf4 Qf7 58. Qe3 Qh5 59. Ke1 Ne5 60. Qa7+ Nd7 61. Qe3 Ne5 62. Qf4 Qf7 63. Qg3 Qf6 64. Qe3 Qf3 65. Qa7+ Nd7 66. Qd4 Qf6 67. Qe3 Ne5 68. b5 Qf3 69. Qa7+ Nd7 70. Qd4 Qf6 71. Qe3 Kd8 72. Kf1 Qe5 73. Qd3 Kc7 74. Qc4+ Qc5 75. Qxe6 Qxb5+ 76. Kg2 Qg5+ 77. Kf1 Qc1+ 78. Ke2 Qc2+ 79. Kf3 Qc3+ 80. Kg2 Qf6 81. Qc4+ Nc5 82. Qc1 Kd7 83. Qe3 Ne6 84. Ng4 Qg5 85. Qf3 Ke7 86. Kg3 Nc5 87. Qf5 Qxf5 88. exf5 Ne4+ 89. Kf4 Nf6 90. Ne3 Kf7 91. Nc4 Nd5+ 92. Kg5 Ke7 93. Nd2 Nf6 94. Nf3 Ne4+ 95. Kf4 Nf6 96. Nd4 Kf7 97. Nb5 Ke7 98. Na3 Kf7 99. Nc4 Ke7 100. Nb6 Kf7 101. Nc8 Ne8 102. Kg5 Kf8 103. Nb6 Ke7 104. Nd5+ Kf7 105. Nc3 Ke7 106. Nb5 Kf7 107. Nd4 Nf6 108. Ne6 Ne4+ 109. Kf4 Nf6 110. Nd8+ Ke8 111. Nc6 Kf7 112. Nd4 Ke8 113. Nb5 Ke7 114. Nc3 Kf7 115. Kg5 Ke7 116. Nb5 Ne4+ 117. Kg4 Nf6+ 118. Kh4 Ne4 119. Kg4 Nf6+ 120. Kf4 Kd7 121. Nc3 Ke7 122. Kg5 Kf7 123. Nb5 Ne8 124. Kf4 Ke7 125. Kg5 Kf7 126. Na3 Nf6 127. Nc4 Ne8 128. Nb6 Nf6 129. Nc8 Ne8 130. Kg4 Kf8 131. Kf4 Kg8 132. Nb6 Kf7 133. Nc4 Ke7 134. Kg5 Kf7 135. Na5 Nf6 136. Nb7 Ne8 137. f6 Nxf6 138. Nxd6+ Ke6 139. Nb7 Ke5 1/2-1/2

[Event "Toronto op"]
[Site "Toronto CAN"]
[Date "2025.09.01"]
[Round "5.5"]
[White "Lai, Duc Minh"]
[Black "Gao, Raymond"]
[Result "0-1"]
[WhiteElo "2121"]
[BlackElo "1999"]
[WhiteFideId "-1"]
[WhiteFideId "-1"]
[PlyCount "122"]
[GameId "2219913248008578"]
[EventDate "2025.08.30"]
[EventType "swiss"]
[EventRounds "6"]
[EventCountry "CAN"]
[SourceTitle "The Week in Chess 1609"]
[Source "Mark Crowther"]
[SourceDate "2025.09.08"]
[SourceVersion "1"]
[SourceVersionDate "2025.09.08"]
[SourceQuality "2"]

1. d4 Nf6 2. Bf4 g6 3. c3 Bg7 4. Nf3 O-O 5. Nbd2 d6 6. e4 c5 7. dxc5 dxc5 8. Be2 b6 9. O-O Bb7 10. Qc2 Nh5 11. Be3 Qc7 12. Rfe1 Nf4 13. Bf1 Nc6 14. Rad1 Rfd8 15. g3 Nh5 16. Nc4 Rxd1 17. Rxd1 Rd8 18. Rxd8+ Qxd8 19. a4 Nf6 20. Bf4 Nh5 21. Be3 Nf6 22. Bf4 Nh5 23. Bc1 Nf6 24. Be2 Qd7 25. Nfd2 h5 26. f3 h4 27. Nf1 Qe6 28. Bg5 Nh7 29. Bf4 g5 30. Bc1 Ne5 31. Nxe5 Bxe5 32. g4 Bc6 33. b4 Qd6 34. Be3 h3 35. b5 Bb7 36. Qd2 Bxh2+ 37. Kh1 Qxd2 38. Nxd2 Be5 39. c4 e6 40. Bg1 Bf4 41. Nf1 f5 42. exf5 exf5 43. Ne3 Bxe3 44. Bxe3 fxg4 45. Bf1 Bxf3+ 46. Kh2 Kf7 47. Bd3 Nf6 48. Bxg5 Nd7 49. Bf4 Ke6 50. Bc7 Ne5 51. Bf1 Bd1 52. Bb8 Nd7 53. Bxa7 Bxa4 54. Be2 Bc2 55. Bxg4+ Bf5 56. Bf3 Kd6 57. Kg3 Be6 58. Bc6 Kc7 59. Kf4 Bxc4 60. Kf5 Bxb5 61. Bxd7 Bxd7+ 0-1

[Event "Toronto op"]
[Site "Toronto CAN"]
[Date "2025.09.01"]
[Round "5.6"]
[White "Malakar, Saarthak"]
[Black "Qian, Eric"]
[Result "1-0"]
[WhiteElo "2083"]
[BlackElo "1967"]
[WhiteFideId "-1"]
[WhiteFideId "-1"]
[PlyCount "89"]
[GameId "2219913248008579"]
[EventDate "2025.08.30"]
[EventType "swiss"]
[EventRounds "6"]
[EventCountry "CAN"]
[SourceTitle "The Week in Chess 1609"]
[Source "Mark Crowther"]
[SourceDate "2025.09.08"]
[SourceVersion "1"]
[SourceVersionDate "2025.09.08"]
[SourceQuality "2"]

1. d4 d5 2. Nf3 Nf6 3. g3 e6 4. Bg2 Be7 5. O-O O-O 6. c4 c6 7. Nc3 Nbd7 8. Qd3 b6 9. Nd2 Bb7 10. b3 Rc8 11. Bb2 Qc7 12. Rfd1 Rfd8 13. e4 dxe4 14. Ndxe4 Ba8 15. Rac1 Nxe4 16. Nxe4 Nf6 17. Qe2 c5 18. d5 Nxe4 19. Bxe4 exd5 20. cxd5 Qd6 21. Bf5 Bf6 22. Bxf6 Qxf6 23. Bxc8 Rxc8 24. b4 h6 25. bxc5 bxc5 26. Qg4 Rd8 27. Rxc5 Bb7 28. Qf4 Qb6 29. Qc7 Rxd5 30. Rdxd5 Qxc7 31. Rxc7 Bxd5 32. Rxa7 Kh7 33. a4 h5 34. Ra5 Bf3 35. Rf5 Bd1 36. a5 Kg6 37. Rc5 f6 38. a6 Bf3 39. a7 Bb7 40. Rc7 Bf3 41. Rc8 h4 42. a8=Q Bd5 43. Rb8 Bxa8 44. Rxa8 hxg3 45. hxg3 1-0

[Event "Toronto op"]
[Site "Toronto CAN"]
[Date "2025.09.01"]
[Round "5.7"]
[White "Deepak, Laksshana"]
[Black "Ivanov, Mike"]
[Result "0-1"]
[WhiteElo "1990"]
[BlackElo "2383"]
[WhiteFideId "-1"]
[WhiteFideId "-1"]
[PlyCount "87"]
[GameId "2219913248008580"]
[EventDate "2025.08.30"]
[EventType "swiss"]
[EventRounds "6"]
[EventCountry "CAN"]
[SourceTitle "The Week in Chess 1609"]
[Source "Mark Crowther"]
[SourceDate "2025.09.08"]
[SourceVersion "1"]
[SourceVersionDate "2025.09.08"]
[SourceQuality "2"]

1. e4 e6 2. d4 d5 3. Nc3 Bb4 4. e5 c5 5. a3 Ba5 6. b4 cxd4 7. Nb5 Bc7 8. f4 Bd7 9. Nxc7+ Qxc7 10. Nf3 Nh6 11. Bb2 a6 12. Nxd4 Nc6 13. Bd3 Nxd4 14. Bxd4 Bb5 15. g4 Ng8 16. Qf3 Ne7 17. O-O h5 18. h3 hxg4 19. hxg4 Kd7 20. Kg2 Rh4 21. Rh1 Rah8 22. Bxb5+ axb5 23. Qe2 Rxh1 24. Rxh1 Rxh1 25. Kxh1 Qc4 26. Qxc4 dxc4 27. Kg2 Kc6 28. Kf3 Kd5 29. c3 Nc6 30. Bf2 g5 31. fxg5 Nxe5+ 32. Kg3 Ke4 33. Bd4 Ng6 34. Bf2 Kd3 35. Be1 e5 36. Kf3 e4+ 37. Kf2 Ne5 38. Kg3 Nf3 39. Bf2 e3 40. Kxf3 exf2 41. Kxf2 Kxc3 42. g6 fxg6 43. Ke3 Kb2 44. Kd4 0-1

[Event "Toronto op"]
[Site "Toronto CAN"]
[Date "2025.09.01"]
[Round "5.8"]
[White "Wiebe, Isaac"]
[Black "Cummings, David"]
[Result "0-1"]
[WhiteElo "2093"]
[BlackElo "2252"]
[WhiteFideId "-1"]
[WhiteFideId "-1"]
[PlyCount "82"]
[GameId "2219913248008581"]
[EventDate "2025.08.30"]
[EventType "swiss"]
[EventRounds "6"]
[EventCountry "CAN"]
[SourceTitle "The Week in Chess 1609"]
[Source "Mark Crowther"]
[SourceDate "2025.09.08"]
[SourceVersion "1"]
[SourceVersionDate "2025.09.08"]
[SourceQuality "2"]

1. Nf3 d5 2. e3 Nf6 3. c4 e6 4. Nc3 c6 5. b3 Bd6 6. Bb2 O-O 7. Be2 Re8 8. d4 Nbd7 9. O-O b6 10. Qc2 Bb7 11. Rfd1 Qe7 12. e4 Nxe4 13. Nxe4 dxe4 14. Qxe4 Rad8 15. Bd3 Nf6 16. Qh4 h6 17. a3 a5 18. Re1 Nh7 19. Qe4 Nf6 20. Qh4 Nh7 21. Qe4 f5 22. Qe2 c5 23. d5 Ng5 24. Qd1 Qf7 25. Nxg5 hxg5 26. dxe6 Rxe6 27. Rxe6 Qxe6 28. Qc2 Bxh2+ 29. Kxh2 Qd6+ 30. Kg1 Qxd3 31. Qxd3 Rxd3 32. Re1 Rxb3 33. Bxg7 Kxg7 34. Re7+ Kf6 35. Rxb7 a4 36. Ra7 Rxa3 37. Ra6 Ke5 38. Rxb6 Rb3 39. Ra6 a3 40. Kf1 Kd4 41. Ke1 Ke5 0-1

[Event "Toronto op"]
[Site "Toronto CAN"]
[Date "2025.09.01"]
[Round "5.9"]
[White "Li, Adam"]
[Black "Gavrilin, Roman"]
[Result "0-1"]
[WhiteElo "1962"]
[BlackElo "2147"]
[WhiteFideId "-1"]
[WhiteFideId "-1"]
[PlyCount "140"]
[GameId "2219913248008582"]
[EventDate "2025.08.30"]
[EventType "swiss"]
[EventRounds "6"]
[EventCountry "CAN"]
[SourceTitle "The Week in Chess 1609"]
[Source "Mark Crowther"]
[SourceDate "2025.09.08"]
[SourceVersion "1"]
[SourceVersionDate "2025.09.08"]
[SourceQuality "2"]

1. e4 c5 2. Nf3 d6 3. Bb5+ Nd7 4. c3 Ngf6 5. Qe2 a6 6. Ba4 b5 7. Bc2 Bb7 8. O-O e6 9. d4 Be7 10. Rd1 Qc7 11. Ne1 e5 12. dxe5 dxe5 13. Nd2 O-O 14. Nf1 Rfd8 15. Ng3 g6 16. a4 Bc6 17. h4 Nf8 18. Bg5 Ne6 19. axb5 axb5 20. Nf3 h5 21. Bb3 c4 22. Bc2 Ng4 23. b3 Nf4 24. Bxf4 exf4 25. Nf1 Rxa1 26. Rxa1 Bc5 27. bxc4 Qb6 28. cxb5 Bxb5 29. c4 Bxf2+ 30. Kh1 Bc6 31. Rb1 Qc5 32. Rd1 Re8 33. N1h2 Be3 34. Nxg4 hxg4 35. Nh2 g3 36. Nf3 Qe7 37. Qd3 Bxe4 38. Qxe4 Qxe4 39. Bxe4 Rxe4 40. Rd8+ Kg7 41. Rc8 Re6 42. Ra8 Rc6 43. Ra4 Rc8 44. Rb4 Ra8 45. Rb1 Ra4 46. c5 Bxc5 47. Rc1 Be3 48. Rb1 Ra7 49. Rd1 f6 50. Ng1 Kh6 51. Nh3 Rc7 52. Ra1 Kh5 53. Ra5+ g5 54. Ra1 Kxh4 55. Re1 Kg4 56. Ng1 Rh7+ 57. Nh3 Rxh3+ 58. gxh3+ Kf3 59. Rf1+ Bf2 60. Rb1 g2+ 61. Kh2 g1=Q+ 62. Rxg1 Bxg1+ 63. Kh1 Ke2 64. h4 gxh4 65. Kg2 Bd4 66. Kh2 f3 67. Kh1 f2 68. Kh2 Kf3 69. Kh1 f1=Q+ 70. Kh2 Be5# 0-1

[Event "Toronto op"]
[Site "Toronto CAN"]
[Date "2025.09.01"]
[Round "5.10"]
[White "Yang, Larry"]
[Black "Windram, James"]
[Result "1-0"]
[WhiteElo "2108"]
[BlackElo "1984"]
[WhiteFideId "-1"]
[WhiteFideId "-1"]
[PlyCount "55"]
[GameId "2219913248004476"]
[EventDate "2025.08.30"]
[EventType "swiss"]
[EventRounds "6"]
[EventCountry "CAN"]
[SourceTitle "The Week in Chess 1609"]
[Source "Mark Crowther"]
[SourceDate "2025.09.08"]
[SourceVersion "1"]
[SourceVersionDate "2025.09.08"]
[SourceQuality "2"]

1. e4 c5 2. Nf3 e6 3. d4 cxd4 4. Nxd4 a6 5. a3 b5 6. a4 bxa4 7. Rxa4 Bb7 8. Nc3 Nf6 9. Bd3 Nc6 10. Nb3 Ne5 11. Na5 Nxd3+ 12. Qxd3 Qc7 13. Nxb7 Qxb7 14. O-O Bb4 15. e5 Bxc3 16. bxc3 Nd5 17. Ba3 Rc8 18. Rc4 Rxc4 19. Qxc4 f6 20. Qg4 Kf7 21. c4 Nc3 22. Qh5+ g6 23. Qh4 g5 24. Qh5+ Kg7 25. Be7 fxe5 26. Qxg5+ Kf7 27. Qf6+ Ke8 28. Bd6 1-0

[Event "Toronto op"]
[Site "Toronto CAN"]
[Date "2025.09.01"]
[Round "5.11"]
[White "Shih, Matthew"]
[Black "Achyuth, Akshaj"]
[Result "1-0"]
[WhiteElo "2039"]
[BlackElo "1751"]
[WhiteFideId "-1"]
[WhiteFideId "-1"]
[PlyCount "53"]
[GameId "2219913248004477"]
[EventDate "2025.08.30"]
[EventType "swiss"]
[EventRounds "6"]
[EventCountry "CAN"]
[SourceTitle "The Week in Chess 1609"]
[Source "Mark Crowther"]
[SourceDate "2025.09.08"]
[SourceVersion "1"]
[SourceVersionDate "2025.09.08"]
[SourceQuality "2"]

1. e4 c6 2. d4 d5 3. e5 Bf5 4. Nf3 e6 5. Be2 c5 6. O-O Nd7 7. c3 Ne7 8. dxc5 Nxc5 9. Nd4 g6 10. Na3 h5 11. Bg5 Bg7 12. Nxf5 gxf5 13. Be3 Rc8 14. f4 Ne4 15. Bxa7 Ra8 16. Bd4 Nc6 17. Nb5 Nxd4 18. cxd4 h4 19. Bd3 Bf8 20. Rc1 Rc8 21. Qa4 Ke7 22. Bxe4 dxe4 23. Nd6 Rxc1 24. Rxc1 Bh6 25. Qb4 Qb8 26. Nxf5+ Kd7 27. Qe7# 1-0

[Event "Toronto op"]
[Site "Toronto CAN"]
[Date "2025.09.01"]
[Round "5.12"]
[White "Jaferian, Kosha"]
[Black "Zhang, Daniel"]
[Result "1-0"]
[WhiteElo "2285"]
[BlackElo "1922"]
[WhiteFideId "-1"]
[WhiteFideId "-1"]
[PlyCount "65"]
[GameId "2219913248004478"]
[EventDate "2025.08.30"]
[EventType "swiss"]
[EventRounds "6"]
[EventCountry "CAN"]
[SourceTitle "The Week in Chess 1609"]
[Source "Mark Crowther"]
[SourceDate "2025.09.08"]
[SourceVersion "1"]
[SourceVersionDate "2025.09.08"]
[SourceQuality "2"]

1. e4 g6 2. d4 Bg7 3. Nc3 d6 4. Be3 a6 5. g4 Nf6 6. h3 Nfd7 7. Bg2 h5 8. g5 c5 9. Nge2 O-O 10. O-O Nc6 11. d5 Na5 12. b3 b5 13. Rb1 Nb6 14. Qd2 Bd7 15. f4 b4 16. Nd1 Nb7 17. f5 Bb5 18. Rf2 Bxe2 19. Qxe2 Nd7 20. Nb2 a5 21. Nd3 Ne5 22. Nf4 Qd7 23. Rbf1 a4 24. Nxh5 gxh5 25. Qxh5 Nd8 26. Rf4 f6 27. g6 Re8 28. Rh4 e6 29. Qh7+ Kf8 30. fxe6 Nxe6 31. dxe6 Qxe6 32. Bh6 Bxh6 33. Rxh6 1-0

[Event "Toronto op"]
[Site "Toronto CAN"]
[Date "2025.09.01"]
[Round "6.1"]
[White "Atanasov, Anthony"]
[Black "Noritsyn, Nikolay"]
[Result "1-0"]
[WhiteElo "2411"]
[BlackElo "2462"]
[WhiteFideId "-1"]
[WhiteFideId "-1"]
[PlyCount "93"]
[GameId "2219913248008583"]
[EventDate "2025.08.30"]
[EventType "swiss"]
[EventRounds "6"]
[EventCountry "CAN"]
[SourceTitle "The Week in Chess 1609"]
[Source "Mark Crowther"]
[SourceDate "2025.09.08"]
[SourceVersion "1"]
[SourceVersionDate "2025.09.08"]
[SourceQuality "2"]

1. Nf3 Nf6 2. d4 e6 3. Bf4 b6 4. e3 Bb7 5. Nbd2 Nh5 6. Bg5 Be7 7. h4 Nf6 8. c3 d6 9. Bd3 Nbd7 10. Qe2 a6 11. O-O-O h6 12. Bf4 b5 13. e4 c5 14. Kb1 c4 15. Bc2 Nb6 16. g4 Nxg4 17. Rhg1 h5 18. Ng5 Qd7 19. f3 Nf6 20. Bh2 Bf8 21. e5 dxe5 22. Qxe5 Rh6 23. Nde4 Qc6 24. Qg3 Nbd5 25. Rde1 Rd8 26. Qh3 Bc8 27. Nxf6+ Nxf6 28. f4 Ng4 29. f5 Be7 30. fxe6 Bxe6 31. Bf4 Rf6 32. Qg3 Bf5 33. Rg2 Rd7 34. Bxf5 Rxf5 35. Rge2 Rfd5 36. Ne6 fxe6 37. Rxe6 Qb7 38. Bg5 Rxg5 39. hxg5 Kd8 40. d5 Kc8 41. Rc6+ Kd8 42. Rce6 Kc8 43. Rc6+ Kd8 44. d6 Bxg5 45. Qf3 Bf6 46. Qd5 Nh6 47. Qe6 1-0

[Event "Toronto op"]
[Site "Toronto CAN"]
[Date "2025.09.01"]
[Round "6.3"]
[White "Vettese, Nicholas"]
[Black "Gao, Raymond"]
[Result "1-0"]
[WhiteElo "2352"]
[BlackElo "1999"]
[WhiteFideId "-1"]
[WhiteFideId "-1"]
[PlyCount "99"]
[GameId "2219913248008585"]
[EventDate "2025.08.30"]
[EventType "swiss"]
[EventRounds "6"]
[EventCountry "CAN"]
[SourceTitle "The Week in Chess 1609"]
[Source "Mark Crowther"]
[SourceDate "2025.09.08"]
[SourceVersion "1"]
[SourceVersionDate "2025.09.08"]
[SourceQuality "2"]

1. c4 g6 2. d4 Nf6 3. Nc3 Bg7 4. e4 d6 5. h3 O-O 6. Be3 e5 7. d5 a5 8. g4 Na6 9. Nge2 Nc5 10. Ng3 Bd7 11. g5 Ne8 12. h4 f5 13. gxf6 Qxf6 14. Qd2 h5 15. Be2 Qf7 16. O-O-O a4 17. Rhg1 Nf6 18. f3 Kh7 19. Rg2 Ng8 20. Nh1 Bh6 21. Rg5 Bxg5 22. Bxg5 Qg7 23. Rg1 Rf7 24. Nf2 Raf8 25. Be3 b6 26. Kc2 Rf4 27. b4 axb3+ 28. axb3 Ra8 29. b4 Na4 30. Nb5 Nc5 31. Kb2 Na6 32. Bxf4 exf4+ 33. Kb3 Nb8 34. Qc3 Bxb5 35. Qxg7+ Kxg7 36. cxb5 Nd7 37. Nh3 Nf8 38. Nxf4 Kf7 39. Rc1 Ra7 40. Bf1 Kf6 41. Bh3 Ke5 42. Ne2 Nf6 43. Bg2 Nxd5 44. exd5 Kxd5 45. f4+ Ke6 46. Nd4+ Kf6 47. Bc6 Ne6 48. Nxe6 Kxe6 49. Be4 Ra3+ 50. Kxa3 1-0

[Event "Toronto op"]
[Site "Toronto CAN"]
[Date "2025.09.01"]
[Round "6.4"]
[White "Plotkin, Victor"]
[Black "Noritsyn, Sergey"]
[Result "1-0"]
[WhiteElo "2282"]
[BlackElo "2298"]
[WhiteFideId "-1"]
[WhiteFideId "-1"]
[PlyCount "55"]
[GameId "2219913248012682"]
[EventDate "2025.08.30"]
[EventType "swiss"]
[EventRounds "6"]
[EventCountry "CAN"]
[SourceTitle "The Week in Chess 1609"]
[Source "Mark Crowther"]
[SourceDate "2025.09.08"]
[SourceVersion "1"]
[SourceVersionDate "2025.09.08"]
[SourceQuality "2"]

1. e4 c5 2. Nf3 e6 3. c3 d5 4. exd5 exd5 5. d4 Nf6 6. Bg5 Qb6 7. Qb3 c4 8. Qc2 Ne4 9. Be3 Nd6 10. Nbd2 Bf5 11. Qc1 Nd7 12. Be2 Be7 13. b3 Rc8 14. bxc4 Nxc4 15. Nxc4 dxc4 16. O-O O-O 17. Ne5 Nxe5 18. dxe5 Bc5 19. Bxc5 Qxc5 20. Qf4 Bd3 21. Rfe1 Bxe2 22. Rxe2 Rcd8 23. Re3 Rd2 24. h4 Rfd8 25. a4 Rc2 26. Rae1 Rd3 27. e6 fxe6 28. Rxe6 1-0